000 00601nam a2200193Ia 4500
003 IN-BaIIA
008 211028s9999 xx 000 0 eng d
040 _cIIA Library
080 _a083.7:621.386:615.849:001
110 _aIndian Standards Institution
245 0 _aIndian standard glossary of terms relating to industrial radiology
_cIndian Standards Institution
260 _aNew Delhi
_bIndian Standards Institution
_c1963
300 _a32p.
500 _aIS 2478 : 1963
650 _a Industrial Radiology
_99332
650 _a Standards 
650 _aNASA Thesaurus 
942 _cBK
999 _c5349
_d5349